• 首页
  • 本馆介绍
  • 公告通知
  • 最新文献
  • 馆藏检索
  • 电子资源
  • 读者导购
  • 参考咨询
  • 我的图书馆
  • 登录
  • 详细信息显示
  • 放入我的书架
  • 预约/预借图书
  • 作者相关作品
  • 分类相关作品
  • 丛书相关作品
  • 出版社相关作品

书目信息

  • 表格格式
  • 工作单格式
  • 卡片格式
题名:
日食记
    
 
作者: 姜老刀 著
分册:  
出版信息: 成都   四川文艺出版社  2018
页数: 201页
开本: 21cm
丛书名:
单 册:
中图分类: I247.81 , TS972.12
科图分类:
主题词: 故事--gu shi--中国--当代--作品集 , 食谱--shi pu
电子资源:
ISBN: 978-7-5411-4753-1
000 01006nam0 2200277 45
001 012001007140
005 20130301155113.0
010    @a978-7-5411-4753-1@dCNY69.00
099    @aCAL 012018138113
100    @a20181031d2018 em y0chiy50 ea
101 0  @achi
102    @aCN@b510000
105    @aaf z 000fy
106    @ar
200 1  @a日食记@Ari shi ji@f姜老刀著
210    @a成都@c四川文艺出版社@d2018
215    @a201页@c图 (部分彩图)@d21cm@e别册1册 (19cm)
330    @a《日食记》讲述的是超高人气美食视频“日食记”的幕后故事。书中收录了自2014“日食记”创办以来的经典菜式,讲述每一道菜品背后,治愈人心的温暖故事,并以手绘菜谱的形式展现制作全过程。念念不忘的美食是因为掺杂着难忘的回忆,有故事的食物,才能喂饱胃和心灵。
513 1  @aCat's kitchen@zeng
606 0  @a故事@Agu shi@y中国@z当代@j作品集
606 0  @a食谱@Ashi pu
690    @aI247.81@v5
690    @aTS972.12@v5
701  0 @a姜老刀@Ajiang lao dao@4著
801  0 @aCN@b上海新华@c20191020
905    @b1132935-8@dI247.81@e770@f4
    
    日食记/姜老刀著.-成都:四川文艺出版社,2018
    201页:图 (部分彩图);21cm+别册1册 (19cm)
    
    
    ISBN 978-7-5411-4753-1:CNY69.00
    《日食记》讲述的是超高人气美食视频“日食记”的幕后故事。书中收录了自2014“日食记”创办以来的经典菜式,讲述每一道菜品背后,治愈人心的温暖故事,并以手绘菜谱的形式展现制作全过程。念念不忘的美食是因为掺杂着难忘的回忆,有故事的食物,才能喂饱胃和心灵。
●
相关链接 在E读中查询图书 在五车中查询图书 在当当中查询图书 在豆瓣中查询图书


正题名:日食记     索取号:I247.81/770         预约/预借

序号 登录号 条形码 馆藏地/架位号 状态 备注
1 1132935   211329356   第一样本阅览室/ [索取号:I247.81/770] 在馆    
2 1132936   211329365   第二借阅区/ [索取号:I247.81/770] 在馆    
3 1132937   211329374   第二借阅区/ [索取号:I247.81/770] 在馆    
4 1132938   211329383   第二借阅区/ [索取号:I247.81/770] 在馆    
唐山师范学院图书馆 欢迎您!
大连网信软件有限公司© 版权所有